गुलबदन बेगम कृत हुमायूँनामा / (Record no. 207944)

MARC details
000 -LEADER
fixed length control field 00992nam a22001937a 4500
005 - DATE AND TIME OF LATEST TRANSACTION
control field 20250102172113.0
010 ## - LCCN (DPL NO)
LC control number HIN-129059
020 ## - INTERNATIONAL STANDARD BOOK NUMBER
International Standard Book Number 9789385445811
Terms of availability 595.00
035 ## - SYSTEM CONTROL NUMBER
System control number HN-101405
037 ## - SOURCE OF ACQUISITION
Source of stock number/acquisition DBAD
082 ## - DEWEY DECIMAL CLASSIFICATION NUMBER
Classification number 954.022092
100 ## - MAIN ENTRY--PERSONAL NAME
Personal name गुलबदन बेगम
245 ## - TITLE STATEMENT
Title गुलबदन बेगम कृत हुमायूँनामा /
Remainder of title गुलबदन बेगम; ब्रजरत्नदास द्वारा अनुवादित
260 ## - PUBLICATION, DISTRIBUTION, ETC. (IMPRINT)
Place of publication, distribution, etc जयपुर
Name of publisher, distributor, etc लिटरेरी सर्किल
Date of publication, distribution, etc 2020
270 ## - ADDRESS
Address सी-13, प्रथम तल, खंडेलवाल गर्ल्स कॉलेज के सामने, संसार चंद्र रोड
City जयपुर
Postal code 302001
Electronic mail address literarycirclejpr@yahoo.com
300 ## - PHYSICAL DESCRIPTION
Extent 138पृ.
Dimensions 20 से.मी.(सजिल्द)
700 ## - ADDED ENTRY--PERSONAL NAME
Personal name ब्रजरत्नदास
9 (RLIN) 75749
942 ## - ADDED ENTRY ELEMENTS (KOHA)
Item type Hindi Books
Source of classification or shelving scheme Dewey Decimal Classification
Classification part 954.022092
Call number suffix गुलब
Holdings
Withdrawn status Lost status Not for loan Collection code Home library Current library Date acquired Source of acquisition Cost, normal purchase price Full call number Barcode Copy number Cost, replacement price Koha item type
      Non-fiction R.K.Puram-8 R.K.Puram-8 24/12/2024 DBAD/PUB 595.00 954.022092 गुलब HN-101405 1 595.00 Hindi Books

© Delhi Public Library
Hit Counter
free hit counter